[Event "Lausanne Young Masters"]
[Site "Lausanne"]
[Date "2001.05.20"]
[Round "1.1"]
[White "Ghaem Maghami, Ehsan"]
[Black "Volokitin, Andrei"]
[Result "1/2-1/2"]
[WhiteElo "2500"]
[BlackElo "2493"]
[PlyCount "82"]
[EventDate "2001.??.??"]

1. d4 Nf6 2. c4 g6 3. Nc3 Bg7 4. e4 d6 5. f3 O-O 6. Be3 Nc6 7. Qd2 a6 8. Nge2
Rb8 9. Rb1 Nd7 10. h4 h5 11. Bg5 Bf6 12. f4 e5 13. Nd5 Bxg5 14. hxg5 Nxd4 15.
Nxd4 exd4 16. g4 c6 17. gxh5 cxd5 18. hxg6 fxg6 19. Qh2 Kf7 20. Qh7+ Ke8 21.
Qxg6+ Rf7 22. Rh7 Qe7 23. Be2 Nf8 24. Qxf7+ Qxf7 25. Rxf7 Kxf7 26. Bh5+ Kg7 27.
cxd5 Ng6 28. Bxg6 Kxg6 29. Kd2 Bh3 30. Kd3 Re8 31. Rg1 Rf8 32. Rh1 Rh8 33. Kxd4
Rh4 34. Ke3 Kh5 35. b3 Kg6 36. Rh2 Kh5 37. Rh1 Kg6 38. Rh2 Kh5 39. Rh1 Kg6 40.
Kd4 Kh5 41. Ke3 Kg6 1/2-1/2

[Event "Lausanne Young Masters"]
[Site "Lausanne"]
[Date "2001.05.21"]
[Round "1.2"]
[White "Jenni, Florian"]
[Black "Aronian, Levon"]
[Result "1/2-1/2"]
[WhiteElo "2471"]
[BlackElo "2528"]
[PlyCount "49"]
[EventDate "2001.??.??"]

1. e4 c5 2. Nf3 d6 3. d4 cxd4 4. Nxd4 Nf6 5. Nc3 a6 6. Be3 e5 7. Nb3 Be6 8. f3
Nbd7 9. Qd2 b5 10. a4 b4 11. Nd5 Bxd5 12. exd5 Nb6 13. Bxb6 Qxb6 14. a5 Qb7 15.
Bc4 Be7 16. Ra4 Rb8 17. Nc1 Bd8 18. Nd3 Bxa5 19. Rxa5 Qc7 20. Rxa6 Qxc4 21.
Rxd6 O-O 22. Nf2 Ra8 23. Rc6 Ra1+ 24. Nd1 Qb5 25. O-O 1/2-1/2

[Event "Lausanne Young Masters"]
[Site "Lausanne"]
[Date "2001.05.21"]
[Round "1.3"]
[White "Ghaem Maghami, Ehsan"]
[Black "Volokitin, Andrei"]
[Result "0-1"]
[WhiteElo "2500"]
[BlackElo "2493"]
[PlyCount "110"]
[EventDate "2001.??.??"]

1. c4 c5 2. g3 Nf6 3. Bg2 g6 4. Nc3 Bg7 5. e3 O-O 6. Nge2 Nc6 7. d4 d6 8. h3
Bd7 9. O-O a6 10. b3 Rb8 11. Bb2 Qc8 12. dxc5 dxc5 13. Kh2 b5 14. cxb5 axb5 15.
Rc1 Rd8 16. Nf4 Bxh3 17. Bxh3 Rxd1 18. Bxc8 Rxf1 19. Rxf1 Rxc8 20. Kg2 Ne8 21.
Ba1 Ra8 22. Nxb5 Rxa2 23. Bxg7 Kxg7 24. Rc1 Na5 25. Rxc5 Nxb3 26. Rc8 Nf6 27.
Rc3 Nd2 28. Ra3 Nc4 29. Nc3 Rb2 30. Nd1 Rxf2+ 31. Nxf2 Nxa3 32. g4 Nc4 33. Kf3
g5 34. N4d3 Nd2+ 35. Kg2 Nde4 36. Nxe4 Nxe4 37. Kf3 Nd6 38. e4 f6 39. e5 Nf7
40. exf6+ exf6 41. Ke4 Kg6 42. Nf2 Ne5 43. Ke3 h6 44. Kd4 h5 45. gxh5+ Kxh5 46.
Ke4 Kg6 47. Nh1 Nf7 48. Ng3 Nh6 49. Kd5 f5 50. Ke5 Ng4+ 51. Kd4 f4 52. Ne4 Nf6
53. Nf2 Kf5 54. Kd3 g4 55. Kd4 f3 0-1

[Event "Lausanne Young Masters"]
[Site "Lausanne"]
[Date "2001.05.21"]
[Round "1.4"]
[White "Volokitin, Andrei"]
[Black "Ghaem Maghami, Ehsan"]
[Result "1-0"]
[WhiteElo "2493"]
[BlackElo "2500"]
[PlyCount "67"]
[EventDate "2001.??.??"]

1. e4 c5 2. Nf3 d6 3. d4 cxd4 4. Nxd4 Nf6 5. Nc3 a6 6. Be2 e5 7. Nb3 Be6 8. f4
Qc7 9. g4 exf4 10. g5 Nfd7 11. Bxf4 Nc6 12. Qd2 Nde5 13. O-O-O Rc8 14. Kb1 Ne7
15. Nd4 Bd7 16. Nf3 Bc6 17. Bg3 N7g6 18. Nd4 Be7 19. h4 O-O 20. h5 Nh8 21. Nf5
Rfd8 22. Bh4 g6 23. Nh6+ Kf8 24. Bg3 b5 25. hxg6 Nhxg6 26. Nf5 b4 27. Nd5 Bxd5
28. exd5 Bxg5 29. Qxg5 Qxc2+ 30. Ka1 Qxe2 31. Qf6 Rd7 32. Qg7+ Ke8 33. Qg8+ Nf8
34. Rhe1 1-0